000 00552 a2200181 4500
999 _c5261
_d5261
020 _a0140817854
050 _aPR4034 AUS 1999
100 _aAusten, Jane
_eauthor
245 _aPride and prejudice /
_cJane Austen, edited by Ronald Carter
264 _aLondon :
_bPenguin Books.
_c1999.
300 _a391p. :
500 _aFiction
650 _aEngland -- Fiction.
650 _aEngland -- Social life and customs -- 19th century -- Fiction.
650 _aCourtship -- Fiction.
700 _aCarter, Ronald
_eeditor
942 _2lcc
_cBK
_h4034
_iAUS
_kPR